000 00719nam a2200229Ia 4500
999 _c41263
_d41263
001 7916
003 GE_BSU
005 20220930142109.0
008 181216sru 2011xx |||||||||||||| ||rus||
020 _a9785282031362
040 _cGE_BSU
041 _arus
080 _a80+81'27 П-32
100 _aПиневич,Е.В.
_914927
245 _aСоциолингвистика /
_cЕ.В. Пиневич, В.Ф. Стародубцев
264 _aМосква :
_bЭкономика,
_c2011.
300 _a215 стр.:
_c21 см.
653 _aСоциолингвистика
653 _aსოციოლინგვისტიკა
700 _a Стародубцев, В.Ф.
_914928
942 _cBK
_2udc